000 00618nam a2200181 a 4500
001 000040443
005 20240305124848.0
008 130826s2008 dr ac 000 0 spa d
020 _a9789945007022
040 _aDO-SdBNP
_bspa
_cBNPHU
245 0 0 _aEridania Mir :
_bla esencia de una creadora /
_cEridania Mir... [et. al.].
260 _aSanto Domingo :
_bAmigo del Hogar,
_c2008.
300 _a139 p. :
_bils., retrs. ;
_c32 cm.
500 _aIncluye notas al pie de las páginas
700 1 _aCarrasco, Lilian
_966743
700 1 _aSantos, Danilo de los,
_d1943-2018
_910278
700 1 _aGuerrero, Myrna,
_d1951-
_959874
999 _c39933
_d39933